000 02729nam a2201153 a 4500
003 PE-LiUPU
005 20250813185713.0
008 240702b |||||||| |||| 00| 0 spa d
020 _a9786123175214
040 _aBNP
_bspa
_cPE-LiUPU
_dPE-LiUPU
_erda
082 1 4 _a343.1
_223
_bL579d
100 1 _aLeón, Leysser L,
_d1972-
_eautor.
245 1 0 _aDerecho privado, parte general :
_bnegocios, actos y hechos jurídicos /
_cLeysser León Hilario.
250 _aPrimera edición.
264 _aLima :
_bPontificia Universidad Católica del Perú, Fondo Editorial,
_c2019.
300 _a183 páginas ;
_c21 centímetros.
490 0 _a(Lo esencial del derecho ;
_v45)
504 _aBibliografía: p. [161]-180.
505 _aEl pasado: Historia de un trasplante jurídico -- El presente: Las instituciones del libro II del código civil -- El futuro: balance y perspectivas.
526 _aP202
526 _aP201
526 _aP163
526 _aP162
526 _aP161
526 _aP160
526 _aP148
526 _aP147
526 _aP146
526 _aP145
526 _aP144
526 _aP143
526 _aP142
526 _aP141
526 _aP140
526 _aP139
526 _aP138
526 _aP137
526 _aP136
526 _aP135
526 _aP134
526 _aP133
526 _aP129
526 _aP128
526 _aP127
526 _aP120
526 _aP119
526 _aP118
526 _aP116
526 _aP115
526 _aP114
526 _aP110
526 _aP109
526 _aP108
526 _aP104
526 _aP103
526 _aP102
526 _aP99
526 _aP98
526 _aP97
526 _aP96
526 _aP95
526 _aP93
526 _aP90
526 _aP89
526 _aP88
526 _aP83
526 _aP82
526 _aP62
526 _aP59
526 _aP58
526 _aP57
526 _aP51
526 _aP49
526 _aP48
526 _aP47
526 _aP29
526 _aP24
526 _aP20
526 _aP19
526 _aP17
526 _aP15
526 _aP14
526 _aP12
526 _aP10
526 _aP09
526 _aP08
526 _aP07
526 _aP06
526 _aP05
526 _aP04
526 _aP01
650 1 8 _aDerecho
_xEstudio y enseñanza.
650 2 8 _aDerecho civil
_xEstudio y enseñanza.
650 2 8 _aActos jurídicos.
650 2 8 _aDerecho comparado.
_92581
710 2 _aPontificia Universidad Católica del Perú.
942 _2ddc
_cBK
980 _618226
_aJaime Vilcazán Jefe de Análisis Documental
_81
_gALBERTO SANCHEZ Responsable de Automatización
999 _c62543
_d62542